Elementos básicos del socialismo democrático
Spremljeno u:
| Glavni autor: | |
|---|---|
| Format: | Tekst |
| Izdano: |
San José:
CEDAL
|
| Izdanje: | 2 |
| Oznake: |
Dodaj oznaku
Bez oznaka, Budi prvi tko označuje ovaj zapis!
|
MARC
| LEADER | 00000 a a2200000 04500 | ||
|---|---|---|---|
| 001 | 15033 | ||
| 003 | |||
| 040 | |||
| 090 | |a 028600 | ||
| 100 | |a Vargas Roldán, Jorge | ||
| 245 | |a Elementos básicos del socialismo democrático | ||
| 250 | |a 2 | ||
| 260 | |a San José: |b CEDAL | ||
| 300 | |a 30 p. | ||
| 999 | |c 11672 |d 11672 | ||
